Normas y dimensiones de la desaparición forzada en Colombia / (Registro nro. 4022)
[ vista simple ]
| 000 -LEADER | |
|---|---|
| fixed length control field | 01409nam a2200277Ia 4500 |
| 003 - CONTROL NUMBER IDENTIFIER | |
| control field | OSt |
| 005 - DATE AND TIME OF LATEST TRANSACTION | |
| control field | 20200909191128.0 |
| 008 - FIXED-LENGTH DATA ELEMENTS--GENERAL INFORMATION | |
| fixed length control field | 191128s2014 ck aod gr 000 0 spa d |
| 020 ## - INTERNATIONAL STANDARD BOOK NUMBER | |
| International Standard Book Number | 9789585816756 |
| 040 ## - CATALOGING SOURCE | |
| Original cataloging agency | CO-JMCR |
| Transcribing agency | CO-JMCR |
| 041 0# - LANGUAGE CODE | |
| Language code of text/sound track or separate title | spa |
| 082 04 - DEWEY DECIMAL CLASSIFICATION NUMBER | |
| Classification number | 364.15 / |
| Item number | C397n |
| Edition number | 23 |
| 110 2# - MAIN ENTRY--CORPORATE NAME | |
| Corporate name or jurisdiction name as entry element | Centro Nacional de Memoria Histórica |
| 9 (RLIN) | 10077 |
| 245 10 - TITLE STATEMENT | |
| Title | Normas y dimensiones de la desaparición forzada en Colombia / |
| Statement of responsibility, etc. | Centro de Memoria Histórica |
| 250 ## - EDITION STATEMENT | |
| Edition statement | Primera edición |
| 260 ## - PUBLICATION, DISTRIBUTION, ETC. | |
| Place of publication, distribution, etc. | Bogotá : |
| Name of publisher, distributor, etc. | Centro Nacional de Memoria Histórica, |
| Date of publication, distribution, etc. | 2014 |
| 300 ## - PHYSICAL DESCRIPTION | |
| Extent | 292 páginas : |
| Other physical details | ilustraciones, fotografías y gráficas ; |
| Dimensions | 23 cm. |
| 490 0# - SERIES STATEMENT | |
| Series statement | Desaparición forzada |
| 504 ## - BIBLIOGRAPHY, ETC. NOTE | |
| Bibliography, etc. note | Bibliografía: páginas 289-292 |
| 505 0# - FORMATTED CONTENTS NOTE | |
| Formatted contents note | Evolución de la normatividad internacional y colombiana sobre la desaparición forzada -- Balance de fuentes oficiales y no oficiales sobre desaparición forzada y análisis cuantitativos a partir de los datos disponibles |
| 520 3# - SUMMARY, ETC. | |
| Summary, etc. | El nombre de Omaira Montoya Henao entró a la historia de las violaciones a los derechos humanos en Colombina por ser la primera persona que ha sido reconocida como una desaparición forzada por parte de agentes del Estado. |
| 650 14 - SUBJECT ADDED ENTRY--TOPICAL TERM | |
| Topical term or geographic name entry element | Personas desaparecidas |
| Geographic subdivision | Colombia |
| 9 (RLIN) | 10078 |
| 650 14 - SUBJECT ADDED ENTRY--TOPICAL TERM | |
| Topical term or geographic name entry element | Desplazamiento forzado |
| Geographic subdivision | Colombia |
| 9 (RLIN) | 8042 |
| 650 14 - SUBJECT ADDED ENTRY--TOPICAL TERM | |
| Topical term or geographic name entry element | Estadísticas |
| General subdivision | víctimas de la violencia |
| Geographic subdivision | Colombia |
| 9 (RLIN) | 10079 |
| 942 ## - ADDED ENTRY ELEMENTS (KOHA) | |
| Source of classification or shelving scheme | Dewey Decimal Classification |
| Koha item type | Books |
| Withdrawn status | Lost status | Source of classification or shelving scheme | Damaged status | Not for loan | Collection code | Home library | Current library | Date acquired | Source of acquisition | Full call number | Barcode | Date last seen | Copy number | Koha item type |
|---|---|---|---|---|---|---|---|---|---|---|---|---|---|---|
| Dewey Decimal Classification | Non-fiction | Biblioteca Pública José María del Castillo y Rada | Biblioteca Pública José María del Castillo y Rada | 04/12/2018 | Donación | 364.15 / C397n | 201808816 | 05/16/2024 | V.1 / Ej.1 | Books |